Ultimate Final Fantasy I Quiz - Statistics

General Stats
  • This quiz has been taken 23 times
  • The average score is 41 of 85
Answer Stats
Hint Answer % Correct
What are the four starting classes? Black Mage
100%
Thief
100%
White Mage
100%
Red Mage
94%
Warrior
94%
Monk
88%
What does the king have built for them? A Bridge
81%
Who do they have to rescue her from? Garland
81%
Who is the final, ultimate villain? Chaos
75%
What does he give to the heroes? His Ship
75%
Which witch lives in a cave? Matoya
75%
Who is their king who also upgrades the heroes classes? Bahamut
69%
What are the upgraded classes? Black Wizard
69%
Which race of beings lives there? Dragons
69%
Knight
69%
Who can they reach and fight by using it in order to restore the Earth Crystal? Lich
69%
Ninja
69%
What has its prince been cursed with? Sleep
69%
By what name are the characters known by? Warriors of Light
69%
Which item do the mages give to the heroes? A Canoe
63%
Who has stolen the witch's item and also cursed the prince? Astos
63%
What is the name of the pirate captain? Bikke
63%
What item, that she needs to see, has been stolen from her? Crystal Eye
63%
Who is responsible for their enslavement that the heroes then fight in order to restore the Water Crystal? Kraken
63%
Which location can they use it to reach? Mt. Gulg
63%
Red Wizard
63%
What creature do they initially fight there? The Vampire
63%
What can that item be used to make? TNT
63%
White Wizard
63%
What item does he try to get the heroes to obtain for him? A Crown
56%
In which kingdom do they start the game in? Cornelia
56%
Who do they fight there to restore the Fire Crystal? Marilith
56%
Where is that item found? Marsh Cave
56%
Master
56%
Who are they first tasked with rescuing? Princess Sarah
56%
In what year was it released? 1987
50%
Which creature can obtain it for the heroes? A Fairy
50%
Which town is home of the elves? Elfheim
50%
What item do they get for defeating him? Star Ruby
50%
Where is she being held prisoner? Temple of Fiends / Chaos Shrine
50%
Who do they fight in order to restore the Wind Crystal? Tiamat
50%
Where can the party find the Circle of Mages? Crescent Lake
44%
What item do the heroes need to find the airship? Levistone
44%
What item are the heroes rewarded with? Lute
44%
Which race of beings has been enslaved there? Mermaids
44%
Which console was the game first released on? Nintendo Entertainment System (NES)
44%
Which town is under control by pirates? Pravoka
44%
What item does he require before he will upgrade their classes? Rat's Tail
44%
Which superboss do the heroes have a 1/64 chance of encountering? Warmech
44%
What item do the speakers of this language give to the heroes? Chime
38%
Which dungeon must the heroes brave and retrieve it from? Citadel of Trials
38%
Which legendary weapon can be crafted with it? Excalibur
38%
What substance do the heroes require to breath underwater? Oxyale
38%
Where can that item be purchased? The Caravan
38%
What item does he give the party? A Rod
31%
Who helps the heroes translate this language? Dr. Unne
31%
What cave is nearby? Earth Cavern / Cavern of Earth
31%
Where can that item be found? Ice Cavern / Cavern of Ice
31%
What item is needed to wake the prince? Jolt Tonic
31%
Which language does it help translate? Lufenian
31%
Which of the mages delivered the prophecy foretelling the arrival of the heroes? Lukahn
31%
Which town is most affected by the land rot? Melmond
31%
What location does it help the heroes reach? Mirage Tower
31%
Where can he be found? Mt. Duergar
31%
What item do they find that can be used to translate an unknown language? Rosetta Stone
31%
Which desert in the airship located in? Ryukahn Desert
31%
Which location can be reached via the "submarine" once they are able to breathe underwater? Sunken Shrine
31%
What item is needed to reach that location? Warp Cube
31%
Where can he be found? Western Keep
31%
Once they have it and reach the location it is needed for, what rare metal can the heroes find there? Adamantite
25%
What being located there gives them the item? A Robot
25%
What creature do they fight there? Evil Eye
25%
Which location can be accessed by visiting here? Floating Fortress
25%
Which town contains a spring where it can be obtained from? Gaia
25%
Which blocked passage do they need it for? Giant's Cave / Titan's Tunnel
25%
What are the heroes rewarded with for lifting the curse? Mystic Key
25%
Who can make it? Nerrick
25%
Once the heroes have the substance they need to breathe underwater, which town must they travel to in order to find the "submarine"? Onrac
25%
Which sage can they reach by traversing the passage? Sarda
25%
Which item can the heroes obtain that contains one of these beings trapped inside? Canteen
19%
Which island chain can the heroes visit to get their classes upgraded? Cardia Islands
19%
What item can it be used to find? Nitro Powder
19%
Where can the heroes find that item? Waterfall Cavern
19%
Which desert is it located in? Western Desert
19%
Which desert is it located in? Yahnikurm Desert
19%
No matching quizzes found
Score Distribution
Percent of People with Each Score
Percentile by Number Answered
Your Score History
You have not taken this quiz